000
00345pab a2200145 454500
008
180718b1987 xxu||||| |||| 00| 0 eng d
100
_a
Dholakia, Jitendra
245
_a
Direct allocation for poverty alleviation welcome
260
_c
1987
300
_a
21-3
362
_a
25 Mar.
650
_a
Poverty
773
_a
Commerce
909
_a
15708
999
_c
15708
_d
15708